Statistics for Largest cities of the Basque Country

Click here to take the quiz!

General Stats

  • This quiz has been taken 189 times
    (73 since last reset)
  • The average score is 27 of 50

Answer Stats

PopulationCityProvince% Correct
346.096BilboBizkaia
97%
188.743DonostiaGipuzkoa
94%
255.886Vitoria-GasteizAraba
91%
205.762Iruñea/PamplonaNafarroa
84%
101.229BarakaldoBizkaia
81%
62.920IrunGipuzkoa
81%
76.104GetxoBizkaia
78%
44.629PortugaleteBizkaia
75%
52.749Baiona/BayonneLapurdi
72%
27.234EibarGipuzkoa
72%
17.050Gernika-LumoBizkaia
72%
23.152ZarautzGipuzkoa
72%
25.764BiarritzLapurdi
69%
29.767DurangoBizkaia
69%
46.057SanturtziBizkaia
66%
19.570Amorebieta-EtxanoBizkaia
59%
15.183AzpeitiaGipuzkoa
59%
40.413BasauriBizkaia
59%
16.878BermeoBizkaia
59%
17.796Hendaia/HendayeLapurdi
59%
14.601Donibane-Lohizune/
Saint-Jean-de-Luz
Lapurdi
56%
24.762GaldakaoBizkaia
56%
27.834SestaoBizkaia
56%
20.065TolosaGipuzkoa
56%
21.867Arrasate/MondragónGipuzkoa
53%
20.527HernaniGipuzkoa
53%
32.491LeioaBizkaia
53%
37.791Tutera/TudelaNafarroa
53%
13.970BeasainGipuzkoa
50%
14.487BergaraGipuzkoa
50%
39.231ErrenteriaGipuzkoa
50%
14.195Estella-LizarraNafarroa
50%
16.887HondarribiaGipuzkoa
47%
17.882MungiaBizkaia
47%
14.872SopelaBizkaia
47%
15.599ErmuaBizkaia
44%
17.917LaudioAraba
44%
15.857PasaiaGipuzkoa
44%
41.153Angelu/AngletLapurdi
41%
24.411ErandioBizkaia
41%
19.133Lasarte-OriaGipuzkoa
41%
14.555AndoainGipuzkoa
38%
19.575BarañainNafarroa
31%
11.911Valle de Trápaga-TrapagaranBizkaia
28%
20.865Burlata/BurladaNafarroa
25%
15.715Zizur Nagusia/Zizur MayorNafarroa
25%
11.954ArrigorriagaBizkaia
22%
22.121Eguesibar/Valle de EgüésNafarroa
19%
11.975EtxebarriBizkaia
19%
12.517ArangurenNafarroa
13%

Score Distribution

Percentile by Number Answered

Percent of People with Each Score

Your Score History

You have not taken this quiz since the last reset